Organización y funcionamiento administrativo de las cooperativas /

Guardado en:
Autor Principal: Louis, Raymond.
Formato: Libro
Idioma:Spanish
French
Publicado: Buenos Aires : INTERCOOP, Editora Cooperativa Ltda., 1978.
Series:Serie Manuales (INTERCOOP, Editora Cooperativa Ltda.) ; no. 5.
Materias:
Etiquetas: Agregar Etiqueta
Sin Etiquetas, Sea el primero en etiquetar este registro!
LEADER 01088nam a22002295a 4500
001 EAD.ead001449
008 080605s1978####ag#######b####000#0#spa#d
005 20101007153751.0
245 1 0 |a Organización y funcionamiento administrativo de las cooperativas /  |c R. Louis. 
260 |a Buenos Aires :  |b INTERCOOP, Editora Cooperativa Ltda.,  |c 1978. 
300 |a 221 p. ;  |c 23 cm. 
490 0 |a Serie Manuales ;  |v no. 5 
500 |a "Nociones de formación cooperativa"--Tapa. 
504 |a Incluye referencias bibliográficas. 
500 |a La edición original de esta obra fue publicada por la Oficina Internacional del Trabajo, Ginebra, con el título: "Organisation et fonctionnement administratif des coopératives". 
100 1 |a Louis, Raymond. 
830 0 |a Serie Manuales (INTERCOOP, Editora Cooperativa Ltda.) ;  |v no. 5. 
082 0 4 |a 658.1147  |2 21 
650 7 |a Empresas sin fines de lucro.  |2 unbist 
041 1 |a spa  |h fre 
859 |a AR-BaBDC  |b BIB. ADMINISTRACION GABCOOP - Libros  |h 658.1147  |i L929  |p g00355 
859 |a AR-BaBDC  |b BIB. ADMINISTRACION GABCOOP - Libros  |h 658.1147  |i L929  |p g01247  |t Ej.2